Sports Quiz

Random Sports or NBA Quiz

'HoopsHabit' NBA Top 5 Players All Positions 2016 Quiz Stats

 Plays Quiz not verified by Sporcle

Score 0/25 Timer 05:00
0 Plays Today
Hint Answer % Correct
PG 1Stephen Curry
99%
SF 1LeBron James
97%
PG 2Russell Westbrook
96.4%
SF 2Kevin Durant
93.4%
SG 1James Harden
89.3%
PF 3Draymond Green
85.8%
C 1DeMarcus Cousins
85.8%
PG 3Damian Lillard
84.8%
SF 4Kawhi Leonard
83.8%
PG 5Kyle Lowry
83.2%
SF 3Paul George
81.2%
SF 5Carmelo Anthony
81.2%
C 2Andre Drummond
79.2%
Hint Answer % Correct
SG 2Jimmy Butler
78.7%
SG 3DeMar DeRozan
78.7%
PF 1Anthony Davis
78.7%
C 3Pau Gasol
78.7%
PG 4John Wall
77.7%
PF 2Blake Griffin
77.7%
PF 4Paul Millsap
61.4%
PF 5Chris Bosh
52.3%
C 4Brook Lopez
52.3%
SG 4C.J. McCollum
48.2%
C 5Nikola Vucevic
36.5%
SG 5Nicholas Batum
29.9%

You're not logged in!

Compare scores with friends on all Sporcle quizzes.
OR
Log In

Sporcle TV

Today on Sporcle TV


Watch our educational content, quiz creation guides, and fun videos on Sporcle TV.

Show Comments

Extras

Created Jul 24, 2016ReportNominate
Tags:NBA Quiz, 2016, player, Top 5

Top Quizzes Today


Score Distribution

Your Account Isn't Verified!

In order to create a playlist on Sporcle, you need to verify the email address you used during registration. Go to your Sporcle Settings to finish the process.

Report this User

Report this user for behavior that violates our Community Guidelines.

Details: